000 00612nam a2200181Ia 4500
008 100917s9999 xx 000 0 und d
082 _b26538
100 _aजोशी दि. वि.
245 _aजन्मवती (आवृत्ती 1 ली )
260 _bपंडित अनंत कुलकर्णी
_c1975
300 _a98
365 _b8
520 _aकादंबरी
630 _aजन्मवती (आवृत्ती 1 ली )
650 _aकादंबरी
730 _aजन्मवती (आवृत्ती 1 ली )
942 _cBOOK
999 _c631932
_d631929